Scacchi: Temi - Statistics

Statistiche generali
  • Questo quiz è stato fatto 15 volte
  • Il punteggio medio è 4 su 17
Statistiche sulle risposte
Risposta % Corretto
Forchetta
75%
Inchiodatura
75%
Infilata
58%
Scacco doppio
42%
Attacco di scoperta
33%
Scacco di scoperta
33%
Attacco a raggi x
25%
Adescamento
17%
Deviazione
17%
Zugzwang
17%
Sotto promozione
8%
Contro scacco
0%
Desperado
0%
Eliminazione del difensore
0%
Interferenza
0%
Sovraccarico
0%
Zwischenzug
0%
Nessun quiz corrispondente trovato
Distribuzione punteggi
Percentuale di utenti per punteggio
Percentile per numero di risposta
I tuoi punteggi nel tempo
Non hai fatto questo quiz